The Bedford anthology of world literature / (Record no. 250655)
[ view plain ]
| 000 -LEADER | |
|---|---|
| fixed length control field | 01529cam a22003974a 4500 |
| 001 - CONTROL NUMBER | |
| control field | 15235181 |
| 003 - CONTROL NUMBER IDENTIFIER | |
| control field | OSt |
| 005 - DATE AND TIME OF LATEST TRANSACTION | |
| control field | 20151014144402.0 |
| 008 - FIXED-LENGTH DATA ELEMENTS--GENERAL INFORMATION | |
| fixed length control field | 080327m20099999maua 001 0 eng |
| 010 ## - LIBRARY OF CONGRESS CONTROL NUMBER | |
| LC control number | 2008925872 |
| 020 ## - INTERNATIONAL STANDARD BOOK NUMBER | |
| International Standard Book Number | 9780312441531 (v. 1 student edition : alk. paper) |
| International Standard Book Number | 0312441533 |
| International Standard Book Number | 9780312388126 (v. 1 complimentary copy edition : alk. paper) |
| International Standard Book Number | 0312388128 |
| International Standard Book Number | 9780312441548 (v. 2 student edition : alk. paper) |
| International Standard Book Number | 0312441541 |
| International Standard Book Number | 9780312388133 (v. 2 : alk. paper) |
| International Standard Book Number | 0312388136 |
| 040 ## - CATALOGING SOURCE | |
| Original cataloging agency | DLC |
| Transcribing agency | DLC |
| Modifying agency | DLC |
| 050 00 - LIBRARY OF CONGRESS CALL NUMBER | |
| Classification number | PN6013 |
| Item number | .B353 2009 |
| 082 00 - DEWEY DECIMAL CLASSIFICATION NUMBER | |
| Classification number | 808.8 |
| Edition number | 22 |
| 245 04 - TITLE STATEMENT | |
| Title | The Bedford anthology of world literature / |
| Statement of responsibility, etc | edited by Paul Davis ... [et al.]. |
| 250 ## - EDITION STATEMENT | |
| Edition statement | Compact ed. |
| 260 ## - PUBLICATION, DISTRIBUTION, ETC. (IMPRINT) | |
| Place of publication, distribution, etc | Boston, MA : |
| Name of publisher, distributor, etc | Bedford/St. Martins, |
| Date of publication, distribution, etc | <c2009- > |
| 300 ## - PHYSICAL DESCRIPTION | |
| Extent | v. <2 > : |
| Other physical details | ill. ; |
| Dimensions | 24 cm. |
| 500 ## - GENERAL NOTE | |
| General note | Includes index. |
| 505 0# - FORMATTED CONTENTS NOTE | |
| Formatted contents note | -- v. 2. the modern world, 1650-present. |
| 650 #0 - SUBJECT ADDED ENTRY--TOPICAL TERM | |
| Topical term or geographic name as entry element | Literature |
| Form subdivision | Collections. |
| 700 1# - ADDED ENTRY--PERSONAL NAME | |
| Personal name | Davis, Paul. |
| 856 42 - ELECTRONIC LOCATION AND ACCESS | |
| Materials specified | Contributor biographical information |
| Uniform Resource Identifier | <a href="http://www.loc.gov/catdir/enhancements/fy0905/2008925872-b.html">http://www.loc.gov/catdir/enhancements/fy0905/2008925872-b.html</a> |
| Materials specified | Publisher description |
| Uniform Resource Identifier | <a href="http://www.loc.gov/catdir/enhancements/fy0905/2008925872-d.html">http://www.loc.gov/catdir/enhancements/fy0905/2008925872-d.html</a> |
| Materials specified | Table of contents only |
| Uniform Resource Identifier | <a href="http://www.loc.gov/catdir/enhancements/fy0905/2008925872-t.html">http://www.loc.gov/catdir/enhancements/fy0905/2008925872-t.html</a> |
| 906 ## - LOCAL DATA ELEMENT F, LDF (RLIN) | |
| a | 0 |
| b | ibc |
| c | orignew |
| d | 2 |
| e | epcn |
| f | 20 |
| g | y-gencatlg |
| 942 ## - ADDED ENTRY ELEMENTS (KOHA) | |
| Source of classification or shelving scheme | Library of Congress Classification |
| Koha item type | Long Loan Books |
| Withdrawn status | Lost status | Source of classification or shelving scheme | Damaged status | Not for loan | Collection code | Home library | Current library | Shelving location | Date acquired | Total Checkouts | Full call number | Barcode | Date last seen | Date checked out | Price effective from | Koha item type |
|---|---|---|---|---|---|---|---|---|---|---|---|---|---|---|---|---|
| Library of Congress Classification | Non-fiction | Rongo University Library | Rongo University Library | General Stacks | 14/10/2015 | 2 | PN6013 .B353 2009 | 20154486 | 13/04/2016 | 29/03/2016 | 14/10/2015 | Long Loan Books | ||||
| Library of Congress Classification | Non-fiction | Rongo University Library | Rongo University Library | General Stacks | 10/03/2017 | 3 | PN6013 .B353 2009 | 201700077 | 17/03/2026 | 04/03/2026 | 10/03/2017 | Long Loan Books |
